000 00351nam a22001457a 4500
008 250422b ||||| |||| 00| 0 eng d
020 _a0070573646
041 _aeng
080 _21996
_a101SIE
082 _2101SIE
_a101SIE
100 _a42
101 _aFILOZOFI
245 _aCHEMICAL PRINCIPLES AND PROERTIES
_cMICHELL J.SIENKO
942 _2udc
_cBK
999 _c60678
_d60678